Tārīkh-i pānṣad sālah-i Khūzistān. (Record no. 50553)

MARC details
000 -LEADER
fixed length control field 00563cam a22002051 4500
001 - CONTROL NUMBER
control field ne 68002549
003 - CONTROL NUMBER IDENTIFIER
control field DLC
005 - DATE AND TIME OF LATEST TRANSACTION
control field 20260227111844.0
008 - FIXED-LENGTH DATA ELEMENTS--GENERAL INFORMATION
fixed length control field 890402s1954 xx 000 0 per
010 ## - LIBRARY OF CONGRESS CONTROL NUMBER
LC control number ne 68002549
035 ## - SYSTEM CONTROL NUMBER
System control number (OCoLC)23556172
040 ## - CATALOGING SOURCE
Original cataloging agency DLC
Transcribing agency MiU
Modifying agency DLC
050 00 - LIBRARY OF CONGRESS CALL NUMBER
Classification number DS324.K49
Item number K37 1954
100 1# - MAIN ENTRY--PERSONAL NAME
Personal name Kasravī, Aḥmad,
Dates associated with a name 1890 or 1891-1946.
Relator term or 91-1946.
245 10 - TITLE STATEMENT
Title Tārīkh-i pānṣad sālah-i Khūzistān.
260 ## - PUBLICATION, DISTRIBUTION, ETC.
Date of publication, distribution, etc. 1333 [1954]
300 ## - PHYSICAL DESCRIPTION
Extent 195 p.
Dimensions 22 cm.
500 ## - GENERAL NOTE
General note Romanized.
651 #0 - SUBJECT ADDED ENTRY--GEOGRAPHIC NAME
Geographic name Khūzistān (Iran)
General subdivision History.

No items available.

Powered by Koha